000 00349nam a2200133Ia 4500
005 20251013221656.0
008 251010s9999 xx 000 0 und d
041 _amar
100 _aपेंडसे ग.सी
_9214523
245 _aकामपुरुषार्थ
250 _a1ST
260 _bKulkarni Granthagar
_c1959
300 _a324
999 _c368814
_d368814